Poľovnícky turizmus v Rusku a druhých krajinách Spoločenstva nezávislých štátov

Bibliographic Details
Main Author: Meľnikov, V. V. (Author)
Format: Article
Language:Slovak
PhysicalDescription:Obr.
ISBN:8088853621
Subjects:

MARC

LEADER 00000nab a2200000 ar4500
001 vtls008774653
003 SK-MaSNL
005 20260304053635.0
008 060620c2003 xo |||||||||||000 b|slo
015 |a SNBRA2006/06  |2 snkbucl 
038 |a SNKBUCL 
040 |a SNKBUCL  |b slo  |c SNKBUCL  |e AACR2 
041 0 |a slo  |b eng 
044 |a xo  |c SK 
080 |a 639.11/.16  |x (47+57)  |2 1997 
080 |a 338.48  |x (47+57)  |2 1997 
080 |a 639.1:338.48  |x (47+57)  |2 1997 
080 |a 504.74.05  |x (47+57)  |2 1997 
100 1 |a Meľnikov, V. V.  |4 aut  |9 1338066 
245 1 0 |a Poľovnícky turizmus v Rusku a druhých krajinách Spoločenstva nezávislých štátov  |c V. V. Meľnikov 
246 3 1 |a Hunting tourism in Russia and other countries of the Community of independent states 
300 |b Obr. 
546 |a Res. angl. 
650 0 7 |a zver  |2 snkbucl  |9 519220 
650 0 7 |a živočíšne populácie  |2 snkbucl  |9 70903 
650 0 7 |a poľovníctvo  |2 snkbucl  |9 2774 
650 0 7 |a cestovný ruch  |2 snkbucl  |9 999 
651 7 |a Rusko  |2 snkbucl  |9 17250 
651 7 |a Spoločenstvo nezávislých štátov  |2 snkbucl  |9 972700 
773 0 |t Folia venatoria. 33. 2003  |d Zvolen : Lesnícky výskumný ústav, 2003  |g S. 185-196  |z 8088853621 
852 |a SNK  |b KIS3GCP 
958 |a NB 
958 |a RU 
999 |c 2714432  |d 2716362